Vista normal Vista MARC

Entrada Personal Name

Número de registros utilizados en: 1

001 - CONTROL NUMBER

  • control field: 2075

003 - CONTROL NUMBER IDENTIFIER

  • control field: OSt

005 - DATE AND TIME OF LATEST TRANSACTION

  • control field: 20200328111027.0

008 - FIXED-LENGTH DATA ELEMENTS

  • fixed length control field: 200328|| aca||aabn | a|a d

040 ## - CATALOGING SOURCE

  • Original cataloging agency: OSt
  • Transcribing agency: OSt

100 ## - HEADING--PERSONAL NAME

  • Personal name: Gómez Duque, Luis Fernando,

670 ## - SOURCE DATA FOUND

  • Source citation: Work cat.: (OSt)5138: Gómez Duque, Luis Fernando, autor, Estructura de las ideologías políticas / , 1979